<?xml version='1.0' encoding='UTF-8'?>
  <record xmlns="http://www.loc.gov/MARC21/slim">
    <leader>00000cam a22000007i 4500</leader>
    <controlfield tag="001">ocm79438571</controlfield>
    <controlfield tag="003">OCoLC</controlfield>
    <controlfield tag="005">20240524024359.3</controlfield>
    <controlfield tag="008">950425s1597    gw c          000 0 lat d</controlfield>
    <datafield tag="040" ind1=" " ind2=" ">
      <subfield code="a">MH-H</subfield>
      <subfield code="b">eng</subfield>
      <subfield code="e">rda</subfield>
      <subfield code="e">dcrmr</subfield>
      <subfield code="c">CUD</subfield>
      <subfield code="d">OCLCQ</subfield>
      <subfield code="d">OCLCL</subfield>
      <subfield code="d">QGJ</subfield>
    </datafield>
    <datafield tag="035" ind1=" " ind2=" ">
      <subfield code="a">(OCoLC)79438571</subfield>
    </datafield>
    <datafield tag="100" ind1="1" ind2=" ">
      <subfield code="a">Gablmann, Nikolaus,</subfield>
      <subfield code="d">-1596,</subfield>
      <subfield code="e">author.</subfield>
      <subfield code="4">aut</subfield>
    </datafield>
    <datafield tag="245" ind1="1" ind2="0">
      <subfield code="a">Mansfeldiana militia Hungara. :</subfield>
      <subfield code="b">Hoc est: Panegyris et vera methodica narratio de virtutibus, vita, moribus, progressu, disciplina belli, Rebus gestis, Morte illustrissimi Caroli, magnanimi principis atque Comitis in Mansfeld. &amp;c. Sereniß. Austriae Archiducis Mathiae, Imperatoris belli Hungariae inferioris Vicarij. Quibus neruosa militari prudentia elucescit laboriosa expugnatio Strygonij &amp; Vizzegradi. Sicuti etiam habita praelia cum Turcis, &amp; velitationes. /</subfield>
      <subfield code="c">Consignata in ipsis castris Strygoniensibus, anno M.D.XCV. a Nicolao Gablman qui Gloriosiss. Caes. Aug. Rudolphi II. iussu interfuit omnibus rebus.</subfield>
    </datafield>
    <datafield tag="246" ind1="3" ind2=" ">
      <subfield code="a">Mansfeldiana militia Hvngara</subfield>
    </datafield>
    <datafield tag="250" ind1=" " ind2=" ">
      <subfield code="a">Nunc primum, quod iucundè ac prudenter, optimi ducis idea, quaeuis scripta legantur, typis vulgata.</subfield>
    </datafield>
    <datafield tag="264" ind1=" " ind2="1">
      <subfield code="a">Francoforti :</subfield>
      <subfield code="b">Typis Ioannis Collitij, Impensis Pauli Brachfeldij.,</subfield>
      <subfield code="c">M.D.XCVII. [1597]</subfield>
    </datafield>
    <datafield tag="300" ind1=" " ind2=" ">
      <subfield code="a">4 preliminary leaves, 79 pages :</subfield>
      <subfield code="b">portrait ;</subfield>
      <subfield code="c">21 cm (4to)</subfield>
    </datafield>
    <datafield tag="336" ind1=" " ind2=" ">
      <subfield code="a">text</subfield>
      <subfield code="b">txt</subfield>
      <subfield code="2">rdacontent</subfield>
    </datafield>
    <datafield tag="337" ind1=" " ind2=" ">
      <subfield code="a">unmediated</subfield>
      <subfield code="b">n</subfield>
      <subfield code="2">rdamedia</subfield>
    </datafield>
    <datafield tag="338" ind1=" " ind2=" ">
      <subfield code="a">volume</subfield>
      <subfield code="b">nc</subfield>
      <subfield code="2">rdacarrier</subfield>
    </datafield>
    <datafield tag="340" ind1=" " ind2=" ">
      <subfield code="m">4to</subfield>
      <subfield code="2">rdabf</subfield>
    </datafield>
    <datafield tag="500" ind1=" " ind2=" ">
      <subfield code="a">Woodcut portrait of Karl Mansfeld on title page.</subfield>
    </datafield>
    <datafield tag="500" ind1=" " ind2=" ">
      <subfield code="a">Signatures: A-L⁴.</subfield>
    </datafield>
    <datafield tag="500" ind1=" " ind2=" ">
      <subfield code="a">Contains woodcut initials.</subfield>
    </datafield>
    <datafield tag="500" ind1=" " ind2=" ">
      <subfield code="a">Page 76 misnumbered 74.</subfield>
    </datafield>
    <datafield tag="500" ind1=" " ind2=" ">
      <subfield code="a">Contains a dedicatory poem by Georgius Pontanus à Braidenberg and a prefatory contribution by Paulus Brachfeldius.</subfield>
    </datafield>
    <datafield tag="510" ind1="4" ind2=" ">
      <subfield code="a">Verzeichnis der im deutschen Sprachbereich erschienenen Drucke des 16. Jahrhunderts (VD 16),</subfield>
      <subfield code="c">G 6</subfield>
      <subfield code="u">https://gateway-bayern.de/VD16+G+6</subfield>
    </datafield>
    <datafield tag="510" ind1="4" ind2=" ">
      <subfield code="a">Apponyi. Hungarica,</subfield>
      <subfield code="c">613</subfield>
    </datafield>
    <datafield tag="510" ind1="4" ind2=" ">
      <subfield code="a">Hubay, I. Magyar és magyar vonatkozásu röplapok, ujságlapok, röpiratok az Országos Széchényi Könyvtárban, 1480-1718,</subfield>
      <subfield code="c">397</subfield>
    </datafield>
    <datafield tag="600" ind1="1" ind2="0">
      <subfield code="a">Mansfeld, Karl von,</subfield>
      <subfield code="d">1543-1595.</subfield>
    </datafield>
    <datafield tag="700" ind1="1" ind2=" ">
      <subfield code="a">Pontanus z Breitenberka, Jiří Barthold,</subfield>
      <subfield code="d">-1616,</subfield>
      <subfield code="e">writer of supplementary textual content.</subfield>
      <subfield code="4">wst</subfield>
    </datafield>
    <datafield tag="700" ind1="1" ind2=" ">
      <subfield code="a">Brachfeld, Paul,</subfield>
      <subfield code="d">active 1589?-1601,</subfield>
      <subfield code="e">writer of supplementary textual content,</subfield>
      <subfield code="e">publisher.</subfield>
      <subfield code="4">wst</subfield>
      <subfield code="4">pbl</subfield>
    </datafield>
    <datafield tag="700" ind1="1" ind2=" ">
      <subfield code="a">Kollitz, Johann,</subfield>
      <subfield code="d">active 1595-1599,</subfield>
      <subfield code="e">printer.</subfield>
      <subfield code="4">prt</subfield>
    </datafield>
    <datafield tag="700" ind1="1" ind2=" ">
      <subfield code="a">Einsiedel, Heinrich Abraham von,</subfield>
      <subfield code="d">1560-1610,</subfield>
      <subfield code="e">dedicatee.</subfield>
      <subfield code="4">dte</subfield>
    </datafield>
    <datafield tag="700" ind1="0" ind2=" ">
      <subfield code="a">Frederick William</subfield>
      <subfield code="b">I,</subfield>
      <subfield code="c">Duke of Saxe-Weimar,</subfield>
      <subfield code="d">1562-1602,</subfield>
      <subfield code="e">dedicatee.</subfield>
      <subfield code="4">dte</subfield>
    </datafield>
    <datafield tag="700" ind1="0" ind2=" ">
      <subfield code="a">Rudolf</subfield>
      <subfield code="b">II,</subfield>
      <subfield code="c">Holy Roman Emperor,</subfield>
      <subfield code="d">1552-1612,</subfield>
      <subfield code="e">dedicatee.</subfield>
      <subfield code="4">dte</subfield>
    </datafield>
    <datafield tag="752" ind1=" " ind2=" ">
      <subfield code="a">Germany</subfield>
      <subfield code="d">Frankfurt am Main,</subfield>
      <subfield code="e">publication place.</subfield>
      <subfield code="4">pup</subfield>
    </datafield>
    <datafield tag="758" ind1=" " ind2=" ">
      <subfield code="i">has work:</subfield>
      <subfield code="a">Mansfeldiana militia hungara (Text)</subfield>
      <subfield code="1">https://id.oclc.org/worldcat/entity/E39PCGH9w87Hh3JyYgttpJFcWC</subfield>
      <subfield code="4">https://id.oclc.org/worldcat/ontology/hasWork</subfield>
    </datafield>
  </record>